| 000 | 00467cas a2200145 4500 | ||
|---|---|---|---|
| 008 | 150903n eng u | ||
| 035 | _a(Sirsi) a191993 | ||
| 050 | _aZ857.M2 | ||
| 245 | _aMalawi National Library Service Board | ||
| 260 |
_aLilongwe _bMalawi National Library Service Board |
||
| 310 | _aIrregular | ||
| 362 | _aNo. 7, 1987 - No. 27, 2000 | ||
| 520 | _aThis Journal publishes articles concerning the Malawi library service | ||
| 650 | _aLibrary Service | ||
| 999 |
_c9809 _d9809 |
||